Identify The Close Up Pictures Of Food. - Statistics

General Stats
  • This quiz has been taken 166 times
  • The average score is 7 of 8
Answer Stats
Picture Answer % Correct
Strawberry
99%
Cookie
97%
Kiwi
97%
Waffle
97%
Lemon
94%
Shrimp
92%
Steak
79%
Lollipop
71%
No matching quizzes found
Score Distribution
Percent of People with Each Score
Percentile by Number Answered
Your Score History
You have not taken this quiz